№ 11; Национальные стандарты

Bibliographische Detailangaben
Parent link:Национальные стандарты: Информационный указатель/ Федеральное агентство по техническому регулированию и метрологии. № 11.— , 2004-
Sprache:Russisch
Veröffentlicht: 2014
Format: Buch
KOHA link:https://koha.lib.tpu.ru/cgi-bin/koha/opac-detail.pl?biblionumber=539028

MARC

LEADER 00000nam2a2200000 4500
001 539028
005 20250424095727.0
035 |a (RuTPU)RU\TPU\prd\228653 
090 |a 539028 
100 |a 20141219a19409999k y0rusy50 ca 
101 0 |a rus 
102 |a RU 
200 0 |a № 11 
210 |d 2014 
461 1 |0 (RuTPU)RU\TPU\prd\23792  |t Национальные стандарты  |o Информационный указатель  |f Федеральное агентство по техническому регулированию и метрологии  |v № 11  |d 2004- 
801 0 |a RU  |b 63413507  |c 20010227  |g PSBO 
801 1 |a RU  |b 63413507  |c 20141219 
801 2 |a RU  |b 63413507  |c 20191202  |g RCR 
850 |a 63413507 
942 |c CR